000 00671nam a22001577a 4500
003 OSt
005 20151214090318.0
008 151214b xxu||||| |||| 00| 0 eng d
040 _cRUA
082 _aATM NOP 2004 B214 Or.1
100 _94785
_aNOP, KIM.
245 _aeffectivness on water spinach growth using organic fertilizer of farmer at sangkat ou krasa, kep town (ប្រសិទ្ធភាពជីសរីរាង្គលើដំណាំត្រគួនរបស់កសិករនៅសង្កាត់ អូរក្រសា ក្រុងកែប)
260 _aPhnom Penh
_bRUA
_c2004
300 _avii, 41p.
_bill.
_c29cm.
942 _2ddc
_cATM
999 _c4460
_d4460